1906 1617 1780 1752 1132 1154 1461 1982 1518 1173 1503 1717 1014 1488 1485 1419 1190 1080 1477 1760 1196 1382 1420 1435 1502 1409 1597 1789 1360 1635 1979 1237 1090 1138 1150 1177 1813 1003 1924 1170 1046 1429 1706 1255 1495 1912 1944 1641 1466 1602 1677 1963 1339 1722 1404 1687 1471 1093 1334 1242 1238 1301 1302 1215 1722 1385 1596 1889 1314 1197 1502 1168 1001 1149 1611 1164 1545 1030 1409 1616 1063 1530 1349 1595 1028 1382 1677 1504 1814 1013 1044 1274 1644 1438 1551 1183 1055 1274 1131 BCNSPRNW ULIB Ver.6.0+V

เปลี่ยนเป็นภาษาไทย

Change to English
 แสดงรายละเอียดบรรณานุกรม
  กลับหน้าหลัก

Brief Record : Get Marc (ISO 2709) : E-mail record : QR code < ปิดหน้าต่าง
LEADER : 00000nam 2200000uu 4500
001    13399125277
003     ULIB
008    170327s2558||||th 000 0 tha d
020    ^a9786162796142
060 04 ^aWI140^bส826^d2558
245 00 ^aPremalignant GI conditions /^cบรรณาธิการ, สุพจน์ พงศ์ประสบชัย... [และคนอื่นๆ]
250    ^aพิมพ์ครั้งที่ 1
260    ^aกรุงเทพฯ :^bกรุงเทพเวชสาร
300    ^aก-ฉ, 232 หน้า :^bภาพประกอบ (สีบางภาพ) ;^c22 ซม.
505 0  ^a... รอยโรคก่อนมะเร็งหลอดอาหาร Premalignant Lesions of Esophageal Cancer ... การวินิจฉัยและรักษามะเร็งหลอดอาหารระยะแรก Detection and Management of Superficial Esophageal Cancer ... การค้นหาและวินิจฉัยหลอดอาหารแบร์เร็ตต์ Management of Barrett Dysplasis ... รอยโรคก่อนมะเร็งกระเพาะอาหาร Premalignant Lesions of Gastric Cancer ... การรักษาติ่งเนื้อในกระเพาะอาหาร Management of Gastric Polyps ... การค้นหาและรักษามะเร็งกระเพาะอาหารระยะแรก Detection and Management of Early Gastric Cancer ...รอยโรคก่อนมะเร็งลำไส้ใหญ่ Premalignant Lesions of Colorectal Cancer ... การค้นหาติ่งเนื้อลำไส้ใหญ่ได้มากพลาดน้อย Maximizing Polyp Detection and Minimizing Missed Rate ... การค้นหาและรักษามะเร็งลำไส้ใหญ่ในผู้ป่วยโรคลำไส้อักเสบเรื้อรัง Detection and Management of Cancerin Inflammatory Bowel Disease ... รอยโรคก่อนมะเร็งตับอ่อนและกลุ่มเสี่ยง Premalignant Lesions of Pancreatic Cancer and Patients at Risk ... การเฝ้าระวังมะเร็งตับอ่อนชนิดพันธุกรรม Surveillance of Familial Pancreatic Cancer ... การค้นหาและการรักษามะเร็งตับอ่อนในผู้ป่วยตับอ่อนอักเสบเรื้อรัง ... Detection and Management of Pancreatic Cancer in Chronic Pancreatitic ... การวินิจฉัยและรักษาเนื้องอกถุงนํ้าตับอ่อน Diagnosis and Management of Pancreatic Cystic Neoplasms ... รอยโรคก่อนมะเร็งทางเดินนํ้าดี Premalignant Lesions of Bile duct cancer ... การค้นหาและรักษามะเร็งในภาวะท่อนํ้าดีตีบ ... Detection and Management of cancer in bile duct Stricture ... การค้นหาและรักษารอยโรคของแอมพูลลา Detection and Management of Ampullary Lesion
650  2 ^aEndoscopy
650  2 ^aGastrointestinal syste
650  7 ^aกระเพาะอาหารและลำไส้, โรค
650  7 ^aเอ็นโดสโคปีย์
650  7 ^aการส่องกล้อง
653    ^aผลงานอาจารย์คณะแพทยศาสตร์ศิริราชพยาบาล
700 0  ^aสุพจน์ พงศ์ประสบชัย,^eบรรณาธิการ
856    ^a^zTable of Contents (Content)^uhttp://118.174.31.60:80/ULIB//_fulltext/Content/129260/20161128170037_2908.pdf
945    ^p0^l0^i001735
945    ^p0^l0^i001736
999    ^aวรรณษา ชูชัยมงคล
รายการนี้ยังไม่มีแท็ก
คุณยังไม่ได้ล็อกอิน คุณสามารถมีกิจกรรมร่วมกับเว็บไซต์ได้ แต่ต้องล็อกอินก่อน ::
  ล็อกอิน

รายการสื่อสารสนเทศ

ลำดับที่ ประเภท เลขเรียก/บาร์โค้ด สถานที่ สถานะ
1. วิทยาศาสตร์การแพทย์ และสุขภาพ
วิทยาศาสตร์การแพทย์ และสุขภาพ
สถานะ=หนังสือเก่า
WI140 ส826 2558 ฉ.1 
  Barcode: 001735
ห้องสมุดวิทยาเขตสวรรค์ประชารักษ์
►ส่วนจัดเก็บหนังสือเก่า สปร
บนชั้น
  ขอยืม
2. วิทยาศาสตร์การแพทย์ และสุขภาพ
วิทยาศาสตร์การแพทย์ และสุขภาพ
สถานะ=หนังสือเก่า
WI140 ส826 2558 ฉ.2 
  Barcode: 001736
ห้องสมุดวิทยาเขตสวรรค์ประชารักษ์
►ส่วนจัดเก็บหนังสือเก่า สปร
บนชั้น
  ขอยืม

รายการใกล้เคียง
    หัวเรื่อง [Endoscopy]
    หัวเรื่อง [Gastrointestinal syste]
    หัวเรื่อง [กระเพาะอาหารและลำไส้, โรค]
    หัวเรื่อง [เอ็นโดสโคปีย์]
    หัวเรื่อง [การส่องกล้อง]

BibComment


ยังไม่เคยถูกคอมเมนท์

คอมเมนท์ทรัพยากรรายการนี้
  คอมเมนท์: Premalignant GI ..


 Copyright 2026. Bcnsprnw @Library